000
00224nam a2200085Ia 4500
245
0
_a
Everything beautiful
100
_a
Howell, Simmone London, 2009
_9
79243
942
_c
BK
008
210817s9999 xx 000 0 und d
999
_c
275914
_d
275912